The 7 best things (smart) teens do / (Record no. 4086)

MARC details
000 -LEADER
fixed length control field 00639 a2200193 4500
010 ## - LCCN (DPL NO)
LC control number ENG-86070
020 ## - INTERNATIONAL STANDARD BOOK NUMBER
International Standard Book Number 8187671505
Terms of availability 250.00
035 ## - SYSTEM CONTROL NUMBER
System control number EN-69603
037 ## - SOURCE OF ACQUISITION
Source of stock number/acquisition DBAD / PUB
082 14 - DEWEY DECIMAL CLASSIFICATION NUMBER
Classification number 158.10835
100 ## - MAIN ENTRY--PERSONAL NAME
Personal name Friel, John C
245 1# - TITLE STATEMENT
Title The 7 best things (smart) teens do /
Statement of responsibility, etc by John C.Friel and Linda D.Friel
260 ## - PUBLICATION, DISTRIBUTION, ETC. (IMPRINT)
Place of publication, distribution, etc Chennai
Name of publisher, distributor, etc Westland Books
Date of publication, distribution, etc 2006
270 ## - ADDRESS
Address New No. 571, P.H.Road, Aminjikarai
City Chennai
State or province Tamil Nadu
Postal code 600 029
300 ## - PHYSICAL DESCRIPTION
Extent xviii, 284p.
Dimensions 21 cm (pbk)
500 ## - GENERAL NOTE
General note Includes bibliographical references and index
700 ## - ADDED ENTRY--PERSONAL NAME
Personal name Friel, Linda D
942 ## - ADDED ENTRY ELEMENTS (KOHA)
Institution code [OBSOLETE] dpl
Item type English Books
Source of classification or shelving scheme Dewey Decimal Classification
Classification part 158.10835
Call number suffix FRI
Holdings
Withdrawn status Lost status Not for loan Collection code Home library Current library Date acquired Source of acquisition Cost, normal purchase price Full call number Barcode Copy number Cost, replacement price Koha item type
    Not For Loan Non-fiction D.B.Act.Division D.B.Act.Division   DBAD/PUB 250.00 158.10835 FRI EN-69603 1 250.00 English Books

© Delhi Public Library
Hit Counter
free hit counter